000 00464nam a2200157Ia 4500
005 20250407095630.0
008 231217s9999 xx 000 0 und d
020 _a9788131419076
082 _a658.42 PRA;1 R
100 _aPramod Rao Gore, Medha J ed.
245 0 _aWomen entrepreneurs : substance, strength and success
260 _c2008
_bICFAI
_aHyderabad
300 _ax+229
650 _aWomen,entrepreneurs,substance,,strength,success
942 _cAA
999 _c191864
_d191864